Produkcia etanolu zo srvátky pomocou voľných a imobilizovaných kvasiniek

Na minha lista:
Detalhes bibliográficos
Autor principal: Sojka, Štefan
Formato: Livro
Idioma:eslovaco
Publicado em: Bratislava STU FCHPT 2007
Acesso em linha:View in OPAC
Tags: Adicionar Tag
Sem tags, seja o primeiro a adicionar uma tag!

MARC

LEADER 00000nam a2200000 a 4500
005 20260127133938.0
008 060607 2006 xo 000 0 slo d
035 |a vtls009008532 
039 9 |y 200707201106  |z mschk03 
040 |a STUSCHK1  |b slo  |c STUSCHK1  |e AACR2 
100 1 |a Sojka, Štefan 
245 1 |a Produkcia etanolu zo srvátky pomocou voľných a imobilizovaných kvasiniek  |c Štefan Sojka 
260 |a Bratislava  |b STU FCHPT  |c 2007 
300 |a 107 s.  |b tab.,grafy, lit.  |c 29 cm 
500 |a Obháj.: 6.6. 2007 
500 |a Špec.: Biotechnológia a biochémia 
500 |a Ústav biochémie, výživy a ochrany zdravia 
910 |a SCHK95 
999 |c 613  |d 613